000 00629cam a22002053a 4500
001 45508
003 PGUSA
005 20140828084043.0
008 140427s2014||||xxu|||||s|||||000 | eng d
040 _aPGUSA
_beng
042 _adc
100 1 _aEcharte, Raúl de Cárdenas y
245 1 0 _aLa Política de los Estados Unidos en el Continente Americano
_h[electronic resource] /
_cRaúl de Cárdenas y Echarte
260 _bProject Gutenberg,
_c2014
506 _aPublic domain in the USA.
516 _aElectronic text
830 0 _aProject Gutenberg
_v45508
856 4 0 _uhttp://www.gutenberg.org/ebooks/45508
942 _cEB
999 _c274759
_d274759